000 00414nam a2200157Ia 4500
008 160316s1997 xxu||||| |||| 00| 0 eng d
082 _a344.046750
_bSIN
100 _aSingh Lala A.K.
245 _aWildlife wealth of Similipal
250 _a
260 _aSimilipal
_bMaharaja Law College
_c1997
300 _a7
_b
_c
365 _b
650 _a1. Wildlife - biogeographic status - biodiversity
700 _a
_a
999 _c39582
_d39582